000 00381nam a2200145Ia 4500
008 240624s9999 xx 000 0 und d
041 _aeng
082 _a808.51 VER
100 _aVERDERBER RUDOLPH F
245 _aCHALLENGE OF EFFECTIVE SPEAKING
250 _a(14th ed.)
260 _c2008
_aAustralia
_bThomson Wadsworth
300 _axix, : 358 : p. : cm. ; 27
365 _c
_b30
999 _c11292
_d11292